| 000 | 00480nam a22001817a 4500 | ||
|---|---|---|---|
| 005 | 20150518110556.0 | ||
| 010 | _aENG-112588 | ||
| 020 |
_a9789381017029 _c295.00 |
||
| 035 | _aEN-96120 | ||
| 037 | _bDBAD/PUB | ||
| 082 | _aN | ||
| 100 | _aKire, Easterine | ||
| 245 | 0 | 0 |
_aBitter wormwood / _cby Easterine Kire |
| 260 |
_aNew Delhi _bZubaan _c2011 |
||
| 270 |
_a128 B, Shah Pur Jat, Ist Floor, _bNew Delhi _e110049 |
||
| 300 |
_a269p. _c22cm(pbk) |
||
| 942 |
_2ddc _cEN _mKIR _hN |
||
| 999 |
_c92752 _d92752 |
||